000 01051nam a2200265 a 4500
001 000020090
005 20200929170248.0
008 100720s1968 sp r 001 0 spa d
040 _aDO-SdBNP
_bspa
_cBNPHU
082 _axxx
_bT134f
100 1 _aTaine, Hippolyte,
_d1828-1893
_942673
245 1 0 _aFilosofía del arte :
_bnaturaleza y producción de la obra de arte. La pintura en el renacimiento italiano /
_cH. A. Taine ; traducción Amparo Cebrián.
250 _a4a ed.
260 _aMadrid :
_bEspasa-Calpe,
_c1968.
300 _a160 p. ;
_c18 cm.
490 1 _aAustral. Verde : ensayos y filosofía ;
_v115
500 _aIncluye datos biográficos del autor en la solapa
500 _aIncluye índice de autores.
504 _aIncluye referencias bibliográficas y notas al pie de las páginas.
650 4 _aFilosofía del arte
_916328
650 4 _aArte y filosofía
_97246
650 4 _aFilosofía del arte
_xHistoria
_942674
700 1 _aCebrián, Amparo,
_etr.
_942675
830 0 _aAustral. Verde : ensayos y filosofía ;
_v115
_98733
999 _c19598
_d19598